El orden de los libros: lectores, autores, bibliotecas en Europa entre los siglos XIV y XVIII
Gardado en:
| Autor Principal: | |
|---|---|
| Formato: | Libro |
| Idioma: | Lingua castelá |
| Publicado: |
Barcelona
Gedisa
1996
|
| Edición: | 2a. ed |
| Series: | Colección Lea. Lenguaje, Escritura, Alfabetización, 4
|
| Subjects: | |
| Tags: |
Engadir etiqueta
Sen Etiquetas, Sexa o primeiro en etiquetar este rexistro!
|
MARC
| LEADER | 00000nam a2200000 a 4500 | ||
|---|---|---|---|
| 001 | UCN9667 | ||
| 003 | CL-VaPUC | ||
| 008 | 011221e19960500SP |||||||||||||||||spa|d | ||
| 082 | 0 | 4 | |a 002 |b CHA |2 21 |
| 100 | 0 | |a Chartier, Roger |e author |9 466245 | |
| 245 | 1 | 3 | |a El orden de los libros: lectores, autores, bibliotecas en Europa entre los siglos XIV y XVIII |
| 250 | |a 2a. ed | ||
| 300 | |a 108 p | ||
| 942 | |c BK | ||
| 945 | |d 20011221 00:00:00 |a cmena | ||
| 260 | |a Barcelona |b Gedisa |c 1996 | ||
| 650 | 0 | |a Historia del libro |9 466246 | |
| 650 | 0 | |a Libros |9 334511 | |
| 650 | 7 | |a BIBLIOTECAS MEDIEVALES |2 CL-VaPUC |9 352704 | |
| 650 | 7 | |a USUARIOS DE LAS BIBLIOTECAS |2 CL-VaPUC |9 334504 | |
| 651 | 0 | |a Europa |9 255156 | |
| 583 | |a last modification |c 20160901 10:37:56 |k Rodrigo Vera | ||
| 490 | 0 | |a Colección Lea. Lenguaje, Escritura, Alfabetización, 4 | |
| 999 | |c 298961 |d 298959 | ||
| 952 | |0 0 |1 0 |4 0 |6 002_000000000000000_CHA_1996 |7 0 |8 A |9 355045 |a FDOPOS |b FDOPOS |d 2019-11-21 |i 3784312 |o 002 CHA 1996 |p 3784312 |r 2025-01-22 |w 2019-11-21 |y BK |k MLA | ||